Sons de l'album Solsad - Zamdane - Statistiques

Statistiques générales
  • Ce quiz a été pris 307 fois
  • Le résultat moyen est 13 sur 20
Statistiques - réponses
Hint Réponse % Correct
20. Monstres
82%
16. Fleurs
81%
6. feat. Josman Alouette
80%
4. Million
80%
3. feat. Pomme Le grand cirque
79%
13. feat. Sofiane Pamart Mélancolie Criminelle
68%
18. feat. TIF Noum
67%
1. Mouchkila
66%
2. A ma guise
64%
7. feat. So La Lune Boboalam
64%
19. Etoiles dans les yeux
63%
12. feat. Niska Loin d'ici
61%
14. Lalalala
58%
9. Youm wara youm
58%
5. Printemps
57%
15. Audi GT
56%
17. feat. Zaho Si on s'aimait
56%
11. Stylo Magique
56%
10. Infini
52%
8. Un peu de moi
41%
Aucun quiz correspondant
Distribution des résultats
% des personnes avec chaque résultat
Percentile par nombre de réponses
Votre historique - résultats
Vous n’avez pas pris ce quiz